[Event "ITA-chT 28th"]
[Site "Italy"]
[Date "1996.??.??"]
[Round "?"]
[White "Emanuelli, Renato"]
[Black "Natalucci, Fabrizio"]
[Result "1/2-1/2"]
[WhiteElo "2255"]
[BlackElo "2220"]
[PlyCount "69"]
[EventDate "1996.02.25"]
[EventType "team-swiss"]
[EventRounds "7"]
[EventCountry "ITA"]
[SourceTitle "EXT 2021"]
[Source "ChessBase"]
[SourceDate "2020.10.23"]
[SourceVersion "1"]
[SourceVersionDate "2020.10.23"]
[SourceQuality "1"]

1. d4 f5 2. c4 g6 3. g3 Nf6 4. Nc3 Bg7 5. Bg2 0-0 6. Nf3 d6 7. 0-0 Qe8 8. d5 Na6 9. Qc2 c6 10. Nd2 cxd5 11. cxd5 Bd7 12. a3 Nc5 13. f3 Rc8 14. e4 fxe4 15. Ndxe4 Ncxe4 16. fxe4 Ng4 17. Rxf8+ Qxf8 18. h3 Bd4+ 19. Kh1 Qf2 20. Qxf2 Nxf2+ 21. Kh2 Nd3 22. Rb1 b6 23. Ne2 Bf6 24. b4 Rc2 25. Bf1 Bb5 26. Bh6 Ne5 27. Rc1 Rxc1 28. Bxc1 Bd3 29. Kg1 Bxe4 30. Bg2 Bd3 31. Nf4 Bc4 32. h4 h6 33. Kf2 g5 34. hxg5 hxg5 35. Ne2 1/2-1/2

[Event "ITA-chT A1"]
[Site "Italy"]
[Date "1994.02.27"]
[Round "3.4"]
[White "Emanuelli, Renato"]
[Black "Bellia, Fabrizio"]
[Result "0-1"]
[WhiteElo "2245"]
[BlackElo "2280"]
[PlyCount "60"]
[EventDate "1994.01.30"]
[EventType "team-tourn"]
[EventRounds "7"]
[EventCountry "ITA"]
[SourceTitle "EXT 2022"]
[Source "ChessBase"]
[SourceDate "2021.10.06"]
[SourceVersion "1"]
[SourceVersionDate "2021.10.06"]
[SourceQuality "1"]
[WhiteTeam "Genova Centurini"]
[BlackTeam "Roma Microcomputer"]
[WhiteTeamCountry "ITA"]
[BlackTeamCountry "ITA"]

1. d4 Nf6 2. c4 g6 3. Nc3 Bg7 4. e4 d6 5. f3 0-0 6. Be3 e5 7. d5 c6 8. Qd2 cxd5 9. cxd5 Nbd7 10. Bd3 Nc5 11. Bc2 a5 12. Nge2 Bd7 13. 0-0 b5 14. a3 a4 15. Na2 Qb8 16. Nec1 Rc8 17. Nd3 Nb7 18. Rac1 Na5 19. Bh6 Nc4 20. Qg5 Qb6+ 21. Rf2 Bxh6 22. Qxh6 Ne3 23. Nc3 b4 24. Nxb4 Neg4 25. fxg4 Qxf2+ 26. Kxf2 Nxg4+ 27. Kf3 Nxh6 28. h3 f5 29. Re1 Kg7 30. Re3 Nf7 0-1